MARC

LEADER 00000nam0a2200000 4500
001 283387
005 20231101235606.0
020 |a RU  |b 85-6050 
035 |a (RuTPU)RU\TPU\book\307454 
090 |a 283387 
100 |a 20150206d1985 m y0rusy5003 ca 
101 0 |a rus 
102 |a RU 
105 |a a z 001zy 
200 1 |a Экономия тепловой и электрической энергии в поршневых компрессорах  |f В. М. Курчавин, А. П. Мезенцев 
210 |a Ленинград  |c Энергоатомиздат  |d 1985 
215 |a 81 с.  |c ил. 
225 1 |a Экономия топлива и электроэнергии 
320 |a Библиогр.: с. 81 
606 1 |a Компрессоры поршневые  |x Экономичность  |2 stltpush  |3 (RuTPU)RU\TPU\subj\65250  |9 81848 
610 1 |a поршневые компрессоры 
610 1 |a тепловая энергия 
610 1 |a электрическая энергия 
610 1 |a водоподготовка 
610 1 |a термодинамика 
610 1 |a электроприводы 
610 1 |a энергетические потери 
610 1 |a синхронные электрические двигатели 
610 1 |a охлаждение 
610 1 |a теплообмен 
675 |a 621.512.004  |v 3 
700 1 |a Курчавин  |b В. М.  |g Валентин Михайлович 
701 1 |a Мезенцев  |b А. П.  |g Александр Петрович 
801 0 |a RU  |b RuMRKP  |c 19950704  |g psbo 
801 1 |a RU  |b 63413507  |c 20150206 
801 2 |a RU  |b 63413507  |c 20170925  |g RCR 
942 |c BK